| 000 | 00688nam a2200253Ia 4500 | ||
|---|---|---|---|
| 003 | OSt | ||
| 005 | 20221006143621.0 | ||
| 006 | a|||||r|||| 00| 0 | ||
| 007 | ta | ||
| 008 | 221006b |||||||| |||| 00| 0 eng d | ||
| 020 | _c160.00 | ||
| 024 | _a9,460 | ||
| 037 | _cTextual | ||
| 040 |
_aEASL _cEASL _beng |
||
| 041 |
_2eng _aeng |
||
| 082 | _aX:3M24xM18.1(Y:4):g, M61 | ||
| 100 | _aMUNCK Ronaldo | ||
| 245 | 0 |
_aDifficult dialogue _b Marixism and Nationalism |
|
| 260 |
_aDelhi _bOxford University Press _c1986 |
||
| 300 |
_a184p. _ccm. |
||
| 490 | _v Oth | ||
| 942 |
_hX:3M24xM18.1(Y:4):g, M61 _cTEXL _2CC |
||
| 999 |
_c1077546 _d1077546 |
||